Areál športu Dubeň, Multifunkčná športová hala, Žilina

Salvato in:
Dettagli Bibliografici
Autore principale: Fekiač, Matej (Autore)
Altri autori: Šimkovič, Vladimír (Relatore della tesi)
Natura: Manoscritto Libro
Lingua:slovacco
Pubblicazione: Bratislava 2018
Soggetti:
Accesso online:http://is.stuba.sk/zp/portal_zp.pl?podrobnosti=138766
Tags: Aggiungi Tag
Nessun Tag, puoi essere il primo ad aggiungerne!!

MARC

LEADER 00000ntm a22000003a 4500
001 stuzp68706
003 SK-STU
005 20201005111901.5
007 ta
008 150427s2015----xo-----f-mn---000-0-slo-d
040 |a STU  |b slo 
041 0 |a slo 
100 1 |a Fekiač, Matej  |u 058180  |4 aut  |U FAD Fakulta architektúry  |T FA Ústav architektúry občianskych budov  |X 70274  |U A8180  |Y 399  |7 70274 
242 0 1 |a Sports Complex Dubeň, Multifunctional Sports Hall, Žilina  |y eng 
245 1 0 |a Areál športu Dubeň, Multifunkčná športová hala, Žilina 
260 |c 2018  |a Bratislava 
650 4 |a Šport  |2 slo 
650 4 |a Prevádzkové väzby  |2 slo 
650 4 |a Priestorová priehradová konštrukcia  |2 slo 
650 4 |a Operation links  |2 eng 
650 4 |a Steel frame structure  |2 eng 
650 4 |a Sport  |2 eng 
700 1 |a Šimkovič, Vladimír  |u 058180  |k Z1  |4 ths  |U FAD Fakulta architektúry  |T FA Ústav architektúry občianskych budov  |X 394  |U A8180  |Y 399  |7 A000000394 
856 4 |u http://is.stuba.sk/zp/portal_zp.pl?podrobnosti=138766  |u https://opac.crzp.sk/?fn=detailBiblioForm&sid=752BE197E3AE405D458FF179404B